000 00467nam a2200169 i 4500
001 132401
003 ES-MaACL
005 20260601155230.0
007 t|
008 070214s1931 sp r ||||1| spa d
100 1 _aRolland, Romain,
_d1866-1944
_9239240
245 1 0 _aJohann Christofs in Paris /
_cRomain Rolland.
260 _aLeipzig :
_bOscar Brandstelder,
_c1931.
300 _a563 p. ;
_c19 cm.
852 _aES-MaACL
_jA-4871
_bR.16756
999 _c132401
_d132401